Essential practices for managing chemical reactivity hazards / (Record no. 20707)
[ view plain ]
| 000 -LEADER | |
|---|---|
| fixed length control field | 01093cam a22003015a 4500 |
| 001 - CONTROL NUMBER | |
| control field | 13119252 |
| 003 - CONTROL NUMBER IDENTIFIER | |
| control field | OSt |
| 005 - DATE AND TIME OF LATEST TRANSACTION | |
| control field | 20151206122136.0 |
| 008 - FIXED-LENGTH DATA ELEMENTS--GENERAL INFORMATION | |
| fixed length control field | 030311t2003 nyua frbd 001 0 eng d |
| 020 ## - INTERNATIONAL STANDARD BOOK NUMBER | |
| International Standard Book Number | 0816908966 |
| 020 ## - INTERNATIONAL STANDARD BOOK NUMBER | |
| International Standard Book Number | 9780816908967 |
| 040 ## - CATALOGING SOURCE | |
| Original cataloging agency | DLC |
| Transcribing agency | DLC |
| Modifying agency | DLC |
| -- | EG-ScBUE |
| Language of cataloging | eng |
| 082 04 - DEWEY DECIMAL CLASSIFICATION NUMBER | |
| Classification number | 660.2804 |
| Edition number | 22 |
| Item number | JON |
| 100 1# - MAIN ENTRY--PERSONAL NAME | |
| Personal name | Johnson, Robert W. |
| Fuller form of name | (Robert William), |
| Dates associated with a name | 1955- |
| 245 10 - TITLE STATEMENT | |
| Title | Essential practices for managing chemical reactivity hazards / |
| Statement of responsibility, etc | Robert W. Johnson, Steven W. Rudy, Stephen D. Unwin. |
| 246 30 - VARYING FORM OF TITLE | |
| Title proper/short title | Managing chemical reactivity hazards |
| 260 ## - PUBLICATION, DISTRIBUTION, ETC. (IMPRINT) | |
| Place of publication, distribution, etc | New York : |
| Name of publisher, distributor, etc | Center for Chemical Process Safety of the American Institute of Chemical Engineers, |
| Date of publication, distribution, etc | c.2003. |
| 300 ## - PHYSICAL DESCRIPTION | |
| Extent | xiii, 193 p. : |
| Other physical details | ill. ; |
| Dimensions | 24 cm. + |
| Accompanying material | 1 CD-ROM (4 3/4 in.) |
| 500 ## - GENERAL NOTE | |
| General note | Index : p. 187-193. |
| 500 ## - GENERAL NOTE | |
| General note | Glossary : p. 139-147. |
| 504 ## - BIBLIOGRAPHY, ETC. NOTE | |
| Bibliography, etc | Bibliography : p. 149-154. |
| 590 ## - LOCAL NOTE (RLIN) | |
| Local note | shima |
| 650 #7 - SUBJECT ADDED ENTRY--TOPICAL TERM | |
| Topical term or geographic name as entry element | Chemical processes |
| General subdivision | Safety measures. |
| Source of heading or term | BUEsh |
| 9 (RLIN) | 24637 |
| 653 ## - INDEX TERM--UNCONTROLLED | |
| Resource For college | Engineering, Chemical |
| Arrived date list | August2015 |
| -- | December2015 |
| 700 1# - ADDED ENTRY--PERSONAL NAME | |
| Personal name | Rudy, Steven W. |
| 700 1# - ADDED ENTRY--PERSONAL NAME | |
| Personal name | Unwin, Stephen D. |
| 942 ## - ADDED ENTRY ELEMENTS (KOHA) | |
| Source of classification or shelving scheme | Dewey Decimal Classification |
| Withdrawn status | Lost status | Source of classification or shelving scheme | Damaged status | Not for loan | Koha collection | Home library | Current library | Shelving location | Date acquired | Source of acquisition | Cost, normal purchase price | Serial Enumeration / chronology | Total Checkouts | Full call number | Barcode | Date last seen | Cost, replacement price | Koha item type |
|---|---|---|---|---|---|---|---|---|---|---|---|---|---|---|---|---|---|---|
| Dewey Decimal Classification | Baccah | Central Library | Central Library | First floor | 24/08/2015 | Purchase | 1201.00 | 23317 | 660.2804 JON | 000039045 | 15/07/2025 | 1501.00 | Book - Borrowing |